000 00467nam a22001337a 4500
005 20260316130020.0
008 260316b |||||||| |||| 00| 0 eng d
100 _aSiril V. S.
245 _aEngineered semiconducting metal oxides and their p-n junctions for gas sensing application:
_bfabrication and characterization
260 _aKochi
_bDepartment of Instrumentation, CUSAT
_c2025
300 _axxvi,249p.
700 _aGuided by K. N. Madhusoodanan
942 _cOO
999 _c115952
_d115951